| 000 | 00501nam a2200181Ia 4500 | ||
|---|---|---|---|
| 003 | IN-BaIIA | ||
| 008 | 211028s9999 xx 000 0 eng d | ||
| 040 | _cIIA Library | ||
| 080 |
_a519.6 _bDEM |
||
| 100 |
_aDemidovich, B. P. _914118 |
||
| 245 | 0 |
_aComputational mathematics _cB. P. Demidovich And I. A. Maron |
|
| 260 |
_aMoscow _bMIR Publishers _c1981 |
||
| 300 | _a688p. | ||
| 650 |
_aComputational mathematics _914119 |
||
| 650 | _aNASA Thesaurus | ||
| 700 |
_aMaron, I. A. _914120 |
||
| 942 | _cBK | ||
| 999 |
_c8423 _d8423 |
||